[Event "Toerneo de Navidad 2008"]
[Site "SchemingMind.com"]
[Date "2008.12.28"]
[Round "-"]
[White "e_castle3"]
[Black "fouche"]
[Result "1-0"]
[WhiteCountry "PHI"]
[BlackCountry "COL"]
[WhiteElo "1751"]
[WhiteRD "68"]
[BlackElo "1571"]
[BlackRD "53"]
[GameID "185290"]

1. Nf3 e6 2. c4 Nf6 3. Nc3 d5 4. e3 c5 5. a3 Bd6 6. Be2 a6 7. O-O O-O 8. d4 cxd4 9. exd4 Nc6 10. c5 Bc7
11. Bg5 e5 12. b4 e4 13. Nd2 h6 14. Bh4 Be6 15. Qb3 Nxd4 16. Qd1 Nxe2+ 17. Qxe2 g5 18. Bg3 Bxg3 19. hxg3 Kg7 20. Rfd1 Qc7
21. Nf1 Rad8 22. Rd4 Qe5 23. Rad1 Nd7 24. Ne3 Nf6 25. a4 Kg6 26. b5 axb5 27. axb5 h5 28. b6 Ra8 29. Ncxd5 Nxd5 30. Nxd5 f5
31. Nc7 Ra5 32. Nxe6 Rf6 33. Nd8 Rxc5 34. Nxb7 Rb5 35. Nd6 Rxb6 36. Nc4 Qb5 37. Rd5 Qa6 38. Ra5 Qb7 39. Nxb6
1-0

[Event "Toerneo de Navidad 2008"]
[Site "SchemingMind.com"]
[Date "2008.12.28"]
[Round "-"]
[White "fouche"]
[Black "e_castle3"]
[Result "1-0"]
[WhiteCountry "COL"]
[BlackCountry "PHI"]
[WhiteElo "1571"]
[WhiteRD "53"]
[BlackElo "1751"]
[BlackRD "68"]
[GameID "185291"]

1. c4 g6 2. Nc3 Bg7 3. d4 Nf6 4. e4 d6 5. Be3 O-O 6. Nf3 b6 7. Bd3 Bb7 8. O-O Nbd7 9. Rc1 e5 10. d5 Qe7
11. b4 Rfc8 12. Re1 c6 13. a4 Ne8 14. Qd2 Qf8 15. h3 f5 16. exf5 gxf5 17. Bg5 e4 18. Nxe4 fxe4 19. Bxe4 Nef6 20. Bf5 Rc7
21. Be6+ Kh8 22. Re3 h6 23. Bh4 Re8 24. Rce1 cxd5 25. cxd5 Rec8 26. Nd4 Nxd5 27. Bxd5 Bxd5 28. Bg3 Bc4 29. Ne6 Bxe6 30. Rxe6 Rc2
31. Qd3 Ne5 32. Qe4 R2c4 33. Qd5 Rxb4 34. Rxd6 Nf7 35. Rd7 Ng5 36. Bd6
1-0

[Event "Toerneo de Navidad 2008"]
[Site "SchemingMind.com"]
[Date "2008.12.31"]
[Round "-"]
[White "Negrito19"]
[Black "e_castle3"]
[Result "1-0"]
[WhiteCountry "ARG"]
[BlackCountry "PHI"]
[WhiteElo "1612"]
[WhiteRD "58"]
[BlackElo "1742"]
[BlackRD "71"]
[GameID "185671"]

1. e4 Nc6 2. Nf3 d5 3. exd5 Qxd5 4. Nc3 Qd8 5. d4 Bg4 6. h3 Bh5 7. d5 Ne5 8. g4 Nxf3+ 9. Qxf3 Bg6 10. Bb5+ c6
11. dxc6
1-0

[Event "Toerneo de Navidad 2008"]
[Site "SchemingMind.com"]
[Date "2008.12.31"]
[Round "-"]
[White "Negrito19"]
[Black "fouche"]
[Result "1-0"]
[WhiteCountry "ARG"]
[BlackCountry "COL"]
[WhiteElo "1612"]
[WhiteRD "58"]
[BlackElo "1558"]
[BlackRD "58"]
[GameID "185672"]

1. e4 d6 2. d4 g6 3. Nc3 Bg7 4. Nf3 Nf6 5. Bc4 O-O 6. Bg5 a6 7. Qd2 b5 8. Bb3 Bb7 9. Bh6 Nbd7 10. O-O-O c6
11. Rde1 a5 12. a4 b4 13. Nd1 e5 14. dxe5 Nxe5 15. Bxg7 Kxg7 16. Qf4 Re8 17. Ne3 Re7 18. h4 Nh5 19. Qh2 Rc7 20. g4 Nf6
21. h5 Nfxg4 22. Nxg4 Nxg4 23. Qg3 Nf6 24. hxg6 hxg6 25. Nh4 d5 26. Nf5+ Kg8 27. f3 Bc8 28. Nh6+ Kg7 29. e5 Nh7 30. Rh4 Be6
31. f4 c5 32. Reh1 Qd7 33. Nf5+ Bxf5 34. Rxh7+ Kf8 35. Rh8+ Ke7 36. Qg5+
1-0

[Event "Toerneo de Navidad 2008"]
[Site "SchemingMind.com"]
[Date "2008.12.30"]
[Round "-"]
[White "fouche"]
[Black "Negrito19"]
[Result "0-1"]
[WhiteCountry "COL"]
[BlackCountry "ARG"]
[WhiteElo "1558"]
[WhiteRD "58"]
[BlackElo "1612"]
[BlackRD "58"]
[GameID "185674"]

1. e4 e5 2. f4 d6 3. Nf3 a6 4. Bc4 b5 5. Bb3 Bg4 6. d3 h6 7. O-O exf4 8. Bxf4 g5 9. Be3 Nf6 10. h3 Bxf3
11. Rxf3 Bg7 12. Nd2 Qd7 13. c3 Nc6 14. d4 O-O-O 15. d5 Ne5 16. Rf1 g4 17. h4 Nh5 18. Bf4 Nxf4 19. Rxf4 h5 20. Qe2 Bh6
21. Rf6 Rdg8 22. g3 Qe7 23. Raf1 Bxd2 24. Qxd2 Nf3+ 25. R6xf3 gxf3 26. Rxf3 Qxh4 27. Kg2 Qxe4 28. Qe3 Qxe3 29. Rxe3 h4 30. c4 bxc4
31. Bxc4 a5 32. a3 f5 33. Rf3 Rh5 34. Bb5 f4 35. Rxf4 Rxg3+ 36. Kh2 Rb3 37. Bc6 Rxb2+ 38. Kh3 Rb3+ 39. Kg4 Rh8 40. a4 Rg3+
0-1

[Event "Toerneo de Navidad 2008"]
[Site "SchemingMind.com"]
[Date "2008.12.31"]
[Round "-"]
[White "AycaguerMarcel"]
[Black "e_castle3"]
[Result "0-1"]
[WhiteCountry "URU"]
[BlackCountry "PHI"]
[WhiteElo "1627"]
[WhiteRD "71"]
[BlackElo "1763"]
[BlackRD "65"]
[GameID "185812"]

1. d4 d5 2. Nf3 Nf6 3. e3 e6 4. Be2 Be7 5. O-O O-O 6. c4 c6 7. Nc3 Nbd7 8. cxd5 exd5 9. Qc2 Re8 10. Bd3 Bf8
11. Bd2 g6 12. Rfe1 b5 13. a3 Bb7 14. h4 a6 15. h5 Nxh5 16. Kf1 Qb6 17. e4 dxe4 18. Nxe4 Rac8 19. Bb4 c5 20. dxc5 Nxc5
21. Nxc5 Rxe1+ 22. Rxe1 Bxc5 23. Bxc5 Rxc5 24. Re8+ Kg7 25. Qe2 Rc1+ 26. Ne1 Qc6 27. Qe5+ f6 28. Qe7+ Kh6 29. Qe3+ g5 30. f3 Nf4
31. Bc2 Qc4+ 32. Kf2 Rxc2+ 33. Nxc2 Qxc2+
0-1

[Event "Toerneo de Navidad 2008"]
[Site "SchemingMind.com"]
[Date "2008.12.31"]
[Round "-"]
[White "AycaguerMarcel"]
[Black "fouche"]
[Result "1-0"]
[WhiteCountry "URU"]
[BlackCountry "COL"]
[WhiteElo "1643"]
[WhiteRD "69"]
[BlackElo "1558"]
[BlackRD "58"]
[GameID "185813"]

1. Nf3 d6 2. d4 Nf6 3. e3 g6 4. Be2 Bg7 5. O-O O-O 6. c4 Nbd7 7. Nc3 a6 8. b3 b6 9. Qc2 Bb7 10. Bb2 Re8
11. Rac1 e5 12. Rfe1 c5 13. d5 Bc8 14. Nd2 Nf8 15. Bd3 Bd7 16. Nce4 Nxe4 17. Nxe4 Qe7 18. Ng3 f5 19. e4 Rab8 20. exf5 Qg5
21. Rcd1 gxf5 22. Bxf5 Bxf5 23. Nxf5 Rbd8 24. h4 Qg4 25. f3 Qg6 26. h5 Qxh5 27. Nxg7 Kxg7 28. f4 Kg8 29. f5 Re7 30. a3 Rg7
31. Bc3 Rg4 32. Rf1 Rh4 33. Rf3 Rh1+ 34. Kf2 Qh4+ 35. Ke3 Rxd1 36. Qxd1 Qg5+ 37. Kf2 Rd7 38. Rg3
1-0

[Event "Toerneo de Navidad 2008"]
[Site "SchemingMind.com"]
[Date "2009.01.01"]
[Round "-"]
[White "AycaguerMarcel"]
[Black "Negrito19"]
[Result "1-0"]
[WhiteCountry "URU"]
[BlackCountry "ARG"]
[WhiteElo "1643"]
[WhiteRD "69"]
[BlackElo "1612"]
[BlackRD "58"]
[GameID "185814"]

1. e4 e5 2. Nf3 Nc6 3. Bb5 Nge7 4. O-O a6 5. Ba4 d5 6. exd5 b5 7. Bb3 Nxd5 8. Re1 Bg4 9. d4 f6 10. dxe5 Be7
11. Bxd5 Qd7 12. exf6 gxf6 13. h3 Bxf3 14. Qxf3 Nd4 15. Qe4 Rd8 16. Qxd4 Qxd5 17. Qxf6 Kd7 18. Qxe7+ Kc8 19. Bf4 Rd7 20. Qf6 Rg8
21. Bg3 Rd6 22. Qf4 h5 23. Nc3 Qd4 24. Qf3 Rxg3 25. Qxg3 h4 26. Qf3 Kd7 27. Re4 Qb6 28. Rae1 Kc6 29. Re7+ Kc5 30. R1e5+ Kb4
31. a3+ Kc4 32. b4 Rd4 33. Qe2+ Kxc3 34. Re3+ Kb2 35. Qe1 Qd6 36. Rb3+ Kxc2 37. Qc3+ Kd1 38. Re1#
1-0

[Event "Toerneo de Navidad 2008"]
[Site "SchemingMind.com"]
[Date "2008.12.31"]
[Round "-"]
[White "e_castle3"]
[Black "AycaguerMarcel"]
[Result "1-0"]
[WhiteCountry "PHI"]
[BlackCountry "URU"]
[WhiteElo "1763"]
[WhiteRD "65"]
[BlackElo "1627"]
[BlackRD "71"]
[GameID "185815"]

1. e4 e6 2. d4 d5 3. exd5 exd5 4. Nf3 Bd6 5. Be2 Nf6 6. O-O O-O 7. Bg5 Bf5 8. Nc3 c6 9. Qd2 Nbd7 10. Rae1 Qc7
11. Bd3 Bg6 12. Ne2 Rac8 13. Bxg6 fxg6 14. Ng3 Rf7 15. Re2 h6 16. Bxf6 Nxf6 17. Rfe1 Bf4 18. Qd1 Rcf8 19. Ne5 Bxe5 20. Rxe5 Qb6
21. b3 h5 22. Qd3 h4 23. Nf1 Ng4 24. Re8 h3 25. Rxf8+ Kxf8 26. Qxh3 Re7 27. Rxe7 Kxe7 28. Qxg4 Qb4 29. h3 a5 30. a3 Qxa3
31. Qxg6
1-0

[Event "Toerneo de Navidad 2008"]
[Site "SchemingMind.com"]
[Date "2008.12.31"]
[Round "-"]
[White "fouche"]
[Black "AycaguerMarcel"]
[Result "0-1"]
[WhiteCountry "COL"]
[BlackCountry "URU"]
[WhiteElo "1558"]
[WhiteRD "58"]
[BlackElo "1643"]
[BlackRD "69"]
[GameID "185816"]

1. d4 e6 2. c4 d5 3. Nc3 dxc4 4. a4 Bd7 5. Nf3 Bc6 6. e3 Nf6 7. Bxc4 b6 8. O-O Be7 9. Qe2 O-O 10. Rd1 Nbd7
11. e4 Bb7 12. e5 Nd5 13. Nxd5 exd5 14. Bd3 c5 15. Be3 Rc8 16. dxc5 bxc5 17. Rac1 Qa5 18. Bg5 Bxg5 19. Bxh7+ Kxh7 20. Nxg5+ Kg6
21. h4 Qxa4 22. Qd3+ f5 23. exf6+ Kxf6 24. Nh7+ Ke7 25. Re1+ Kd6 26. Nxf8 Rxf8 27. Qg3+ Qf4 28. Kh2 Qxg3+ 29. Kxg3 d4 30. Rcd1 a6
31. b4 Nf6 32. bxc5+ Kxc5 33. Re7 Ne4+ 34. Kh2 Bc6 35. f3 Nc3 36. Ra1 d3 37. Ra3 Kd4 38. Rc7 Nb5 39. Ra4+ Kd5 40. Ra2 Nxc7
0-1

[Event "Toerneo de Navidad 2008"]
[Site "SchemingMind.com"]
[Date "2009.01.02"]
[Round "-"]
[White "Negrito19"]
[Black "AycaguerMarcel"]
[Result "0-1"]
[WhiteCountry "ARG"]
[BlackCountry "URU"]
[WhiteElo "1612"]
[WhiteRD "58"]
[BlackElo "1643"]
[BlackRD "69"]
[GameID "185817"]

1. e4 e6 2. Nc3 d5 3. exd5 exd5 4. d4 Nf6 5. Bg5 Be7 6. Bd3 O-O 7. Nf3 Bg4 8. h3 Bxf3 9. Qxf3 c6 10. O-O Nbd7
11. Rfe1 h6 12. Bh4 Re8 13. Ne2 Qb6 14. Rab1 Ne4 15. Bxe7 Rxe7 16. Bxe4 dxe4 17. Qe3 f5 18. Nc3 g5 19. Na4 Qa5 20. Qb3+ Kh7
21. Rbd1 b6 22. Qa3 Rae8 23. b4 Qd5 24. Nc3 Qc4 25. d5 cxd5 26. Nxd5 Rf7 27. Ne3 Qc6 28. c4 f4 29. b5 Qe6 30. Nd5 Nc5
31. Kh1 g4 32. hxg4 Rg8 33. f3 e3 34. Rd4 Qe5 35. Qb2 Nd3 36. Qc2 Qxd4 37. Nb4 Rd7 38. Kh2 Kh8 39. Rd1 h5 40. Nxd3 hxg4
41. fxg4 Rh7+ 42. Kg1 e2+ 43. Nf2 exd1=Q+ 44. Qxd1 Qxd1+ 45. Nxd1 Rxg4 46. Nf2 Rgg7 47. Kf1 Rd7 48. Ke2 Rhe7+ 49. Kf3 Rd4 50. Kg4 Rxc4
51. Nd3 Re2 52. Nxf4 Rxg2+ 53. Kf3 Rxa2 54. Ne2 Rb4 55. Nc1 Ra3+ 56. Ke2 Rb2+ 57. Kd1 Ra1 58. Ke1 Rxc1#
0-1

[Event "Toerneo de Navidad 2008"]
[Site "SchemingMind.com"]
[Date "2009.01.08"]
[Round "-"]
[White "marble"]
[Black "e_castle3"]
[Result "1-0"]
[WhiteCountry "ENG"]
[BlackCountry "PHI"]
[WhiteElo "1889"]
[WhiteRD "55"]
[BlackElo "1763"]
[BlackRD "65"]
[GameID "186320"]

1. e4 e5 2. Nf3 Nc6 3. Bb5 d6 4. Bxc6+ bxc6 5. d3 Nf6 6. h3 Be7 7. Nc3 Bd7 8. O-O O-O 9. d4 exd4 10. Qxd4 c5
11. Qd3 a5 12. e5 Ne8 13. Nd5 Rb8 14. Re1 dxe5 15. Nxe5 Bd6 16. b3 Bxe5 17. Rxe5 Be6 18. Ba3 Qd6 19. Qe4 Nf6 20. Nxf6+ gxf6
21. Rxc5 f5 22. Qe3 Rfd8 23. Qg5+
1-0

[Event "Toerneo de Navidad 2008"]
[Site "SchemingMind.com"]
[Date "2009.01.04"]
[Round "-"]
[White "marble"]
[Black "fouche"]
[Result "0-1"]
[WhiteCountry "ENG"]
[BlackCountry "COL"]
[WhiteElo "1889"]
[WhiteRD "55"]
[BlackElo "1525"]
[BlackRD "51"]
[GameID "186321"]

1. e4 e6 2. d4 d5 3. Nc3 dxe4 4. Nxe4 Nf6 5. Nxf6+ Qxf6 6. Nf3 Bd6 7. Bg5 Qf5 8. Bd3 Qa5+ 9. c3 Nd7 10. O-O Nf6
11. Re1 Bd7 12. Bd2 O-O-O 13. c4 Qh5 14. c5 Be7 15. h3 Bc6 16. Be2 Rhg8 17. Ne5 Qh4 18. Nxc6 bxc6 19. Qa4 Kd7 20. Bf3 Nd5
21. Re5 Bxc5 22. dxc5 Qxa4 23. Bd1 Qb5 24. b4 f6 25. Rh5 h6 26. Rh4 Ke7 27. Rc1 Qd3 28. Rc2 e5 29. Rhc4 Nf4 30. R4c3 Qxd2
31. Rxd2 Rxd2 32. Bf3 Rgd8 33. Ra3 Nd3 34. Rxa7 Nxb4 35. a3 Nd5 36. g3 Rd7 37. a4 Nc3 38. Bxc6 R7d4 39. Rxc7+ Kd8 40. Rxg7 Nxa4
41. Rg6 Nxc5 42. Rxf6 Rd6 43. Rf8+ Kc7 44. Bb5 Ne4 45. Rf7+ Kb6 46. Bc4 Rf6 47. Rxf6+ Nxf6 48. f3 Kc5 49. Be6 Kd4 50. Bc8 Ke3
51. f4 exf4 52. gxf4 Kxf4 53. Kh1 Kg3 54. Bf5 Rd1#
0-1

[Event "Toerneo de Navidad 2008"]
[Site "SchemingMind.com"]
[Date "2009.01.08"]
[Round "-"]
[White "marble"]
[Black "Negrito19"]
[Result "1-0"]
[WhiteCountry "ENG"]
[BlackCountry "ARG"]
[WhiteElo "1915"]
[WhiteRD "56"]
[BlackElo "1630"]
[BlackRD "61"]
[GameID "186322"]

1. e4 e5 2. Nf3 Nc6 3. Bb5 Nge7 4. O-O a6 5. Bxc6 Nxc6 6. Nc3 Bb4 7. Nd5 Bc5 8. c3 d6 9. d4 exd4 10. cxd4 Bb4
11. Nxb4 Nxb4 12. Qa4+ Nc6 13. d5 b5 14. Qc2 Nb4 15. Qd2 a5 16. a3 Na6 17. Qxa5 Bd7 18. Qc3 O-O 19. b4 Rc8 20. Bb2 f6
21. Ng5 h6 22. Ne6 Bxe6 23. dxe6 c5 24. Qd3 Qe7 25. Qxb5 Nc7 26. Qd3 Nxe6 27. Rfd1 Rcd8 28. Qc4 Kh8 29. bxc5 Nxc5 30. f3 Rc8
31. Qd5 Rfd8 32. Bd4 Ne6 33. Bb6 Rd7 34. Rdc1 Rxc1+ 35. Rxc1 g6 36. g3 Kg7 37. f4 Rb7 38. Rc6 Rd7 39. e5 fxe5 40. fxe5 Nc5
41. Rc8 Ne6 42. Bd4 Nxd4 43. Qg8#
1-0

[Event "Toerneo de Navidad 2008"]
[Site "SchemingMind.com"]
[Date "2009.01.04"]
[Round "-"]
[White "marble"]
[Black "AycaguerMarcel"]
[Result "1-0"]
[WhiteCountry "ENG"]
[BlackCountry "URU"]
[WhiteElo "1874"]
[WhiteRD "57"]
[BlackElo "1643"]
[BlackRD "69"]
[GameID "186323"]

1. e4 e6 2. d4 d5 3. Nc3 dxe4 4. Nxe4 Bd7 5. Nf3 Nf6 6. Bd3 Be7 7. O-O Nxe4 8. Bxe4 Bc6 9. Qd3 Bxe4 10. Qxe4 Nc6
11. Bf4 O-O 12. c4 Bf6 13. Rad1 Qe7 14. Be3 Qb4 15. b3 a5 16. d5 exd5 17. Rxd5 Qa3 18. Qb1 Nb4 19. Rd2 Bc3 20. Re2 Rfd8
21. Bc1 Bb2 22. Bxb2 Qxa2 23. Qxa2 Nxa2 24. Be5
1-0

[Event "Toerneo de Navidad 2008"]
[Site "SchemingMind.com"]
[Date "2009.01.04"]
[Round "-"]
[White "e_castle3"]
[Black "marble"]
[Result "0-1"]
[WhiteCountry "PHI"]
[BlackCountry "ENG"]
[WhiteElo "1763"]
[WhiteRD "65"]
[BlackElo "1889"]
[BlackRD "55"]
[GameID "186324"]

1. e4 c5 2. Nf3 g6 3. Bc4 Nc6 4. O-O Bg7 5. Re1 Nf6 6. c3 O-O 7. d4 d6 8. d5 Na5 9. Bf1 b6 10. Bg5 Bd7
11. c4 h6 12. Bh4 g5 13. Bg3 Nxe4 14. Rxe4 Bxb2 15. Nbd2 Bxa1 16. Qxa1 f5 17. Re1 f4 18. Qb1 Qe8 19. Ne4 Bf5 20. Nxd6 exd6
21. Rxe8 Bxb1 22. Rxa8 Rxa8
0-1

[Event "Toerneo de Navidad 2008"]
[Site "SchemingMind.com"]
[Date "2009.01.04"]
[Round "-"]
[White "fouche"]
[Black "marble"]
[Result "0-1"]
[WhiteCountry "COL"]
[BlackCountry "ENG"]
[WhiteElo "1525"]
[WhiteRD "51"]
[BlackElo "1889"]
[BlackRD "55"]
[GameID "186325"]

1. e4 c5 2. Nf3 g6 3. Bc4 Bg7 4. c3 e6 5. d4 cxd4 6. cxd4 d5 7. exd5 exd5 8. Qe2+ Ne7 9. Bb5+ Nc6 10. O-O O-O
11. Bg5 f6 12. Bh4 Nf5 13. Bxc6 bxc6 14. Nc3 Re8 15. Qd3 Qc7 16. Rfe1 Rxe1+ 17. Rxe1 Bd7 18. Bg3 Nxg3 19. hxg3 Bf8 20. Na4 Kg7
21. Nc5 Bxc5 22. dxc5 Qa5 23. Re7+ Kf8 24. Rxd7 Qxc5 25. Nd4 Qc1+ 26. Kh2 Re8 27. g4 Qf4+ 28. Kh3 Re1 29. Ne6+ Rxe6 30. Rxh7 Re1
31. g3 Qxf2 32. g5 Rh1+
0-1

[Event "Toerneo de Navidad 2008"]
[Site "SchemingMind.com"]
[Date "2009.01.08"]
[Round "-"]
[White "Negrito19"]
[Black "marble"]
[Result "1-0"]
[WhiteCountry "ARG"]
[BlackCountry "ENG"]
[WhiteElo "1630"]
[WhiteRD "61"]
[BlackElo "1915"]
[BlackRD "56"]
[GameID "186326"]

1. e4 c5 2. Nf3 g6 3. Bc4 Bg7 4. d3 Nc6 5. Nc3 d6 6. h3 Nf6 7. O-O Bd7 8. Bf4 O-O 9. Qd2 Qc7 10. a3 a6
11. Bh6 Nd4 12. Nxd4 cxd4 13. Ne2 Nxe4 14. Bxf7+ Rxf7 15. dxe4 Bxh6 16. Qxh6 Qxc2 17. Nxd4 Qxe4 18. Nf3 Bc6 19. Rae1 Qd5 20. Re3 Rf5
21. Rxe7 Rf7 22. Rfe1 Qh5 23. Qxh5 gxh5 24. Rxf7 Kxf7 25. Ng5+ Kg6 26. h4 Re8 27. Rd1 d5 28. Kh2 Re2 29. f3 h6 30. Nh3 Kf5
31. b4 Re3 32. Rd4 Rxa3 33. Nf4 Ke5 34. Rd3 Ra4 35. Nxh5 Rxb4 36. f4+ Kf5 37. Rf3 d4 38. Ng3+ Kg4 39. Rd3 Kxf4 40. Ne2+ Ke4
41. Rg3 Rc4 42. Rg6 Ke3 43. Ng3 Rc2 44. Nf5+ Kf4 45. Nxh6 d3 46. Rg3 Bb5 47. Ng4 d2 48. Ne3 Rc3 49. Nd5+ Ke5 50. Nxc3 Be2
51. Re3+ Kd4 52. Rxe2 Kxc3 53. Rxd2
1-0

[Event "Toerneo de Navidad 2008"]
[Site "SchemingMind.com"]
[Date "2009.01.04"]
[Round "-"]
[White "AycaguerMarcel"]
[Black "marble"]
[Result "1-0"]
[WhiteCountry "URU"]
[BlackCountry "ENG"]
[WhiteElo "1643"]
[WhiteRD "69"]
[BlackElo "1874"]
[BlackRD "57"]
[GameID "186327"]

1. c4 Nf6 2. d4 g6 3. Nf3 Bg7 4. Nc3 O-O 5. e4 d6 6. Be2 b6 7. O-O Bb7 8. Bf4 Nxe4 9. Rc1 Nf6 10. Qd2 Nbd7
11. Bh6 Ng4 12. Bxg7 Kxg7 13. h3 Nh6 14. Rfd1 e5 15. dxe5 Nxe5 16. Qd4 Nf5 17. Qf4 Re8 18. g4 Nh4 19. Nd5 Nexf3+ 20. Bxf3 Bxd5
21. Bxd5 Rc8 22. Qxf7+ Kh8 23. Bc6 Rf8 24. Qe6 Rf6 25. Qe3 Qf8 26. g5 Rf5 27. Rc3 Re5 28. Qd3 Rxg5+ 29. Kh1 Qxf2 30. Rc2 Qf4
31. Rf1 Qe5 32. Re2 Qc5 33. Bd7 Rd8 34. Be6 Kg7 35. Ref2 Kh6 36. Rf4 Ng2 37. Rg4 Rxg4 38. hxg4 Ne3 39. g5+ Qxg5 40. Rf2 Qh4+
41. Rh2 Qxh2+ 42. Kxh2
1-0

[Event "Toerneo de Navidad 2008"]
[Site "SchemingMind.com"]
[Date "2009.01.11"]
[Round "-"]
[White "LittleBigHorse"]
[Black "e_castle3"]
[Result "1-0"]
[WhiteCountry "IRL"]
[BlackCountry "PHI"]
[WhiteElo "1720"]
[WhiteRD "94"]
[BlackElo "1700"]
[BlackRD "68"]
[GameID "187347"]

1. Nf3 Nc6 2. c4 e5 3. Nc3 Nf6 4. g3 g6 5. Bg2 Bg7 6. O-O O-O 7. d3 d6 8. Bg5 h6 9. Bxf6 Bxf6 10. Qd2 Bg7
11. Rab1 Be6 12. b4 Qd7 13. e3 Rfd8 14. Nd5 Rab8 15. b5 Ne7 16. e4 Bxd5 17. cxd5 f5 18. Rfc1 c5 19. bxc6 bxc6 20. dxc6 Nxc6
21. Nh4 Kh7 22. exf5 gxf5 23. Bxc6 Qe6 24. Nxf5 Rxb1 25. Rxb1 d5 26. Nxg7 Kxg7 27. Rb7+ Kg6 28. Qc2 d4 29. Be4+ Kf6 30. Qc1 Rh8
31. Qc7 Rg8 32. Qh7 Kg5 33. h4+
1-0

[Event "Toerneo de Navidad 2008"]
[Site "SchemingMind.com"]
[Date "2009.01.11"]
[Round "-"]
[White "LittleBigHorse"]
[Black "fouche"]
[Result "0-1"]
[WhiteCountry "IRL"]
[BlackCountry "COL"]
[WhiteElo "1644"]
[WhiteRD "97"]
[BlackElo "1592"]
[BlackRD "59"]
[GameID "187348"]

1. c4 Nf6 2. Nc3 e6 3. e4 d5 4. e5 Nfd7 5. cxd5 Nxe5 6. d4 Ng6 7. dxe6 Bxe6 8. Nf3 Bb4 9. Bd2 Bxc3 10. bxc3 O-O
11. Be2 Re8 12. O-O Nd7 13. Qc2 Nf6 14. Bg5 h6 15. Bd2 Bxa2 16. Ne5 Bd5 17. c4 Be6 18. Nxg6 fxg6 19. Qxg6 Qxd4 20. Bxh6 Re7
21. Rfd1 Qh4 22. Bg5 Bf7 23. Bxh4 Bxg6 24. Bf3 c6 25. Rd6 Rae8 26. g3 Kf7 27. Rxa7 Bf5 28. Kg2 Rb8 29. c5 Be6 30. h3 Rc7
31. Kh2 Bd5 32. Bxf6 Bxf3 33. Be5 Re7 34. Bc3 b5 35. cxb6 Rxb6 36. Ra1 Re2 37. Ra7+ Kg8 38. Rxg7+ Kf8 39. Rd8+ Re8 40. Rxe8+ Kxe8
41. g4 Rb1 42. Kg3 Bd5 43. h4 Rb3 44. h5 Rxc3+ 45. Kh4 Kf8 46. Rc7 Rf3 47. h6 Kg8 48. g5 Rxf2 49. Kh5 Be4 50. Rc8+ Rf8
51. Rxf8+ Kxf8 52. g6 Kg8 53. h7+ Kg7 54. Kg5 c5 55. Kf4 Bxg6
0-1

[Event "Toerneo de Navidad 2008"]
[Site "SchemingMind.com"]
[Date "2009.01.11"]
[Round "-"]
[White "LittleBigHorse"]
[Black "marble"]
[Result "0-1"]
[WhiteCountry "IRL"]
[BlackCountry "ENG"]
[WhiteElo "1749"]
[WhiteRD "116"]
[BlackElo "1889"]
[BlackRD "55"]
[GameID "187349"]

1. Nf3 c5 2. c4 g6 3. Nc3 Nf6 4. g3 Bg7 5. Bg2 Nc6 6. O-O O-O 7. d4 d5 8. cxd5 Nxd5 9. Nxd5 Qxd5 10. Be3 Qc4
11. b3 Qa6 12. d5 Bxa1 13. Qxa1 Nb4 14. Bh6 f6 15. Bxf8 Kxf8 16. a3 Nxd5 17. Ng5 Nc7 18. Rc1 Ne6 19. Nxh7+ Kg7 20. Nxf6 exf6
21. Bd5 Qd6
0-1

[Event "Toerneo de Navidad 2008"]
[Site "SchemingMind.com"]
[Date "2009.01.11"]
[Round "-"]
[White "LittleBigHorse"]
[Black "Negrito19"]
[Result "0-1"]
[WhiteCountry "IRL"]
[BlackCountry "ARG"]
[WhiteElo "1685"]
[WhiteRD "98"]
[BlackElo "1630"]
[BlackRD "61"]
[GameID "187350"]

1. c4 d5 2. cxd5 Qxd5 3. Nc3 Qd8 4. g3 e5 5. Bg2 Nf6 6. d3 h6 7. Nf3 Nc6 8. O-O Be6 9. a3 a6 10. b4 Bd6
11. Bb2 Qd7 12. Rc1 Bh3 13. Na4 O-O 14. Nc5 Qc8 15. Bxh3 Qxh3 16. Nxb7 Ne7 17. Nxd6 cxd6 18. e4 Ng4 19. Rc7 Rae8 20. Qa4 f5
21. exf5 Nxf5 22. Qb3+ Kh7 23. d4 Nxd4 24. Bxd4 Rxf3 25. Qc2+ Kh8 26. Rd1 Qxh2+ 27. Kf1 Qh1+ 28. Ke2 exd4+
0-1

[Event "Toerneo de Navidad 2008"]
[Site "SchemingMind.com"]
[Date "2009.01.11"]
[Round "-"]
[White "LittleBigHorse"]
[Black "AycaguerMarcel"]
[Result "1-0"]
[WhiteCountry "IRL"]
[BlackCountry "URU"]
[WhiteElo "1795"]
[WhiteRD "132"]
[BlackElo "1643"]
[BlackRD "69"]
[GameID "187351"]

1. c4 c5 2. Nf3 Nc6 3. Nc3 e6 4. g3 d6 5. Bg2 Nf6 6. O-O Be7 7. d4 cxd4 8. Nxd4 Bd7 9. Ndb5 Qb8 10. Bf4 e5
11. Bg5 O-O 12. Bxf6 gxf6 13. Nd5 Bd8 14. Qd2 a6 15. Nbc3 b5 16. Qh6 b4 17. Nxf6+ Bxf6 18. Be4
1-0

[Event "Toerneo de Navidad 2008"]
[Site "SchemingMind.com"]
[Date "2009.01.11"]
[Round "-"]
[White "e_castle3"]
[Black "LittleBigHorse"]
[Result "0-1"]
[WhiteCountry "PHI"]
[BlackCountry "IRL"]
[WhiteElo "1691"]
[WhiteRD "69"]
[BlackElo "1732"]
[BlackRD "91"]
[GameID "187352"]

1. e4 e6 2. d4 d5 3. exd5 exd5 4. Nf3 Nf6 5. Be2 Bd6 6. O-O O-O 7. Bg5 Nbd7 8. Nbd2 c6 9. c4 dxc4 10. Nxc4 Be7
11. Re1 h6 12. Bh4 Nh7 13. Bxe7 Qxe7 14. Qd3 Qb4 15. a3 Qb5 16. b4 Nb6 17. Qc2 Nxc4 18. Bxc4 Qb6 19. Rad1 Bg4 20. Re3 Rad8
21. Qg6 Bxf3 22. Rxf3 Ng5 23. Rg3 Rxd4 24. Qc2 Rfd8 25. Re1 Rd2 26. Qf5 R2d6 27. h4 Ne6 28. Kh2 Qd4 29. Rg4 Qc3 30. Rge4 Qxa3
31. Bxe6 fxe6 32. Rxe6 Rf8 33. Re8 Rf6 34. Rxf8+ Rxf8 35. Qe6+ Kh8 36. Qe7 Kg8 37. Qxb7 Qc3 38. Qe7 Rxf2 39. Qe8+ Rf8 40. Qe6+ Kh8
41. Qe7 Kg8 42. Qe6+ Kh8
0-1

[Event "Toerneo de Navidad 2008"]
[Site "SchemingMind.com"]
[Date "2009.01.11"]
[Round "-"]
[White "fouche"]
[Black "LittleBigHorse"]
[Result "0-1"]
[WhiteCountry "COL"]
[BlackCountry "IRL"]
[WhiteElo "1571"]
[WhiteRD "53"]
[BlackElo "1685"]
[BlackRD "98"]
[GameID "187353"]

1. d4 Nf6 2. c4 e6 3. Nc3 d5 4. Bg5 Be7 5. Nf3 Nbd7 6. e3 O-O 7. Bd3 c6 8. O-O dxc4 9. Bxc4 h6 10. Bh4 b5
11. Bb3 Bb7 12. Rc1 Rc8 13. Qe2 a6 14. e4 Re8 15. e5 Nd5 16. Bxe7 Nxc3 17. bxc3 Qxe7 18. Rfd1 Nb6 19. Qd3 Red8 20. Bc2 g6
21. Qe3 Nc4 22. Qxh6 Qf8 23. Qh3 c5 24. Ng5 Qg7 25. f4 Bd5 26. Rd3 Na3 27. g4 Bxa2 28. Rf3 Nxc2 29. Rxc2 Bd5 30. Rg3 cxd4
31. f5 exf5 32. gxf5 Rxc3 33. f6 Rxg3+ 34. hxg3 Qh8 35. Qxh8+ Kxh8 36. Rc7 Kg8 37. Ra7 d3 38. Kf2 d2 39. Ke2 Bb3
0-1

[Event "Toerneo de Navidad 2008"]
[Site "SchemingMind.com"]
[Date "2009.01.11"]
[Round "-"]
[White "marble"]
[Black "LittleBigHorse"]
[Result "1/2-1/2"]
[WhiteCountry "ENG"]
[BlackCountry "IRL"]
[WhiteElo "1889"]
[WhiteRD "55"]
[BlackElo "1749"]
[BlackRD "116"]
[GameID "187354"]

1. e4 e6 2. d4 d5 3. Nc3 Bb4 4. e5 b6 5. Bd2 Ne7 6. a3 Bxc3 7. Bxc3 Ba6 8. Bxa6 Nxa6 9. Qd3 Nb8 10. O-O-O Qd7
11. Nf3 h6 12. g4 f6 13. Kb1 f5 14. g5 h5 15. Rhg1 g6 16. Bb4 Nbc6 17. Bd2 a5 18. Nh4 Kf7 19. Rg3=
1/2-1/2